| 000 | 00581nam a2200181Ia 4500 | ||
|---|---|---|---|
| 008 | 090122s9999 xx 000 0 und d | ||
| 082 | _b12239 | ||
| 100 |
_aऔरंगाबादकर _bअनुराधा |
||
| 245 | _aहास्यकळा | ||
| 260 |
_bश्रीकल्प _c2007 |
||
| 300 | _a152 | ||
| 501 | _aललित वितरण / बि. नं. 275-24.10.07 | ||
| 600 | _aऔरंगाबादकर | ||
| 630 | _aहास्यकळा | ||
| 700 | _aऔरंगाबादकर | ||
| 730 | _aहास्यकळा | ||
| 942 | _cBOOK | ||
| 999 |
_c36316 _d36316 |
||